Logo Biblioteca

Dejar huella : (Registro nro. 477)

Detalles MARC
000 -LEADER
fixed length control field 01611nam a22001937a 4500
003 - CONTROL NUMBER IDENTIFIER
control field OSt
005 - DATE AND TIME OF LATEST TRANSACTION
control field 20250527105701.0
008 - FIXED-LENGTH DATA ELEMENTS--GENERAL INFORMATION
fixed length control field 250508s2018 ag ||||| |||| 00| 0 spa d
020 ## - INTERNATIONAL STANDARD BOOK NUMBER
International Standard Book Number 9789873984662
040 ## - CATALOGING SOURCE
Transcribing agency besoc
100 1# - MAIN ENTRY--PERSONAL NAME
Personal name Rodríguez Bilella, Pablo,
Relator term autor
245 10 - TITLE STATEMENT
Title Dejar huella :
Remainder of title Historias de evaluaciones que marcaron la diferencia /
Statement of responsibility, etc. Pablo Rodriguéz Bilella y Esteban Tapella
260 ## - PUBLICATION, DISTRIBUTION, ETC.
Place of publication, distribution, etc. San Juan :
Name of publisher, distributor, etc. Editorial UNSJ,
Date of publication, distribution, etc. 2018
300 ## - PHYSICAL DESCRIPTION
Extent 188 p.
520 ## - SUMMARY, ETC.
Summary, etc. La evaluación es el proceso sistemático de valoración y análisis crítico de proyectos, programas, políticas u otro tipo de intervención social. Para ello, las evaluaciones: (a) aplican metodologías tendientes a valorar si el diseño, la gestión y los resultados producidos son consistentes con lo originalmente previsto; (b) valoran si las acciones ejecutadas fueron adecuadas para producir los cambios al identificar los factores de contexto que inciden en los resultados y (c) obtienen evidencias que fundamenten el juicio evaluativo. La práctica de la evaluación no sigue un método único, sino que existe una pluralidad de estrategias metodológicas, alcances y destinatarios (autoridades, técnicos intermedios, medios de comunicación, organizaciones de la sociedad civil y la ciudadanía en general). Sus resultados entregan insumos para la toma de decisiones, contribuyen al aprendizaje de equipos y organizaciones y acrecientan el conocimiento de los problemas que son objeto de la acción pública.
650 #4 - SUBJECT ADDED ENTRY--TOPICAL TERM
Topical term or geographic name entry element Políticas públicas
General subdivision Evaluación
700 1# - ADDED ENTRY--PERSONAL NAME
Personal name Tapella, Esteban,
Relator term autor
942 ## - ADDED ENTRY ELEMENTS (KOHA)
Source of classification or shelving scheme Universal Decimal Classification
Koha item type Obra General
Suppress in OPAC No
Existencias
Withdrawn status Lost status Source of classification or shelving scheme Damaged status Not for loan Collection Home library Current library Date acquired Total checkouts Full call number Barcode Date last seen Price effective from Koha item type
    Universal Decimal Classification     Colección General Biblioteca Escuela de Ciencias Sociales Biblioteca Escuela de Ciencias Sociales 08/05/2025   304.44 R696 001413 08/05/2025 08/05/2025 Obra General
Biblioteca de la Escuela Preuniversitaria en Ciencias Sociales y Humanísticas.
Riobamba 250 bis.
CP 2000 - Rosario - Santa Fe
E-Mail: biblioteca@esociales.unr.edu.ar